000
00380nam a2200145Ia 4500
008
090124s9999 xx 000 0 und d
082
_b
133917
_a
103390
245
_a
पाऊल खुणा
250
_a
1
260
_b
पदकी सरिता
_c
2006
300
_a
200
630
_a
पाऊल खुणा
730
_a
पाऊल खुणा
942
_c
BOOK
999
_c
180228
_d
180228